Bringing politics back in defense policy and the theoretical study of institutions and processes (Record no. 30961)

000 -LEADER
fixed length control field 00514pab a2200169 454500
008 - FIXED-LENGTH DATA ELEMENTS--GENERAL INFORMATION
fixed length control field 180718b1996 xxu||||| |||| 00| 0 eng d
100 ## - MAIN ENTRY--PERSONAL NAME
Personal name Mayer, Kenneth R.
245 ## - TITLE STATEMENT
Title Bringing politics back in defense policy and the theoretical study of institutions and processes
260 ## - PUBLICATION, DISTRIBUTION, ETC.
Date of publication, distribution, etc. 1996
300 ## - PHYSICAL DESCRIPTION
Extent p.180-90
362 ## - DATES OF PUBLICATION AND/OR SEQUENTIAL DESIGNATION
Dates of publication and/or sequential designation Mar-Apr
650 ## - SUBJECT ADDED ENTRY--TOPICAL TERM
Topical term or geographic name entry element United States - Military policy
650 ## - SUBJECT ADDED ENTRY--TOPICAL TERM
Topical term or geographic name entry element Politics and government
700 ## - ADDED ENTRY--PERSONAL NAME
Personal name Khademian, Anne M.
773 ## - HOST ITEM ENTRY
Main entry heading Public Administration Review
909 ## -
-- 30961
Holdings
Withdrawn status Lost status Damaged status Not for loan Permanent Location Current Location Date acquired Serial Enumeration / chronology Barcode Date last seen Price effective from Koha item type
        Indian Institute of Public Administration Indian Institute of Public Administration 2018-07-19 Volume no: 56, Issue no: 2 AR31119 2018-07-19 2018-07-19 Articles

Powered by Koha